000 01198nam a22003377a 4500
003 CHAP
005 20220329134435.0
008 971013s1994 r 00010 d
010 _a20529
011 _a21501
035 _a25591
040 _cCHAP
090 _aFolleto 14397
100 0 0 _aJaramillo Villalobos, Víctor.
_961134
245 _aRevegetación y reforestación de las áreas ganaderas en las zonas templadas de México
260 _aChapingo, Méx. :
_bComisión Técnico Consultiva de Coeficientes de Agostadero,
_c1994
300 _a40 p.
_b: ilus.
590 _aBATCH-UPD
_b10
_c20130110
_lUCH01
_h0305
590 _aBATCH-UPD
_b10
_c20130110
_lUCH01
_h1617
590 _aBATCH-UPD
_b10
_c20130409
_lUCH01
_h2337
590 _aBATCH-UPD
_b10
_c20130410
_lUCH01
_h1456
590 _aBATCH-UPD
_b10
_c20130914
_lUCH01
_h0709
590 _aCONVERSION
_b10
_c20130109
_lUCH01
_h1312
650 1 4 _aBosques
_xRegeneración.
_914377
650 1 4 _aPastizales
_xRegeneración.
_985957
650 1 4 _aReforestación
_xMéxico.
_995498
901 _aBK
942 _cFOLL
949 _aFolleto 14397
_bBC
_cFOLL
_d-58959
_eTS1
_i25591
_si
949 _aFolleto 14397
_bBC
_cFOLL
_d-58960
_eTS2
_fc.2
_i25591
_si
999 _c20529
_d20529